Les Etats-Unis pour les touristes... - Statistiques

Statistiques générales
  • Ce quiz a été pris 84 fois
    46 depuis la dernière actualisation
  • Le résultat moyen est 11 sur 20
Statistiques - réponses
Question Indice Réponses % Correct
Quelles sont les langues officielles ? Anglais
100%
Quelles sont les langues officielles ? Espagnol
100%
La conduite se fait à droite ou à gauche ? Droite
86%
Quelle est la monnaie ? Dollar
83%
Achats à faire 2/ Servent à identifier Plaques d'{Immatriculation}
83%
Quelles sont les principaux lieux touristiques ? C Grand {Canyon}
81%
Avez-vous besoin d'un visa ? (oui/non) Non
81%
Combien d'heures (environ) mettrez-vous pour vous y rendre ? (en chiffres) 8
79%
Dans la capitale quel est le décalage horaire avec Paris ? (+ ou - et chiffre) ex - 10 - 6
69%
Quelles sont les principaux lieux touristiques ? Y Parc national de {Yellowstone}
67%
Le suffixe internet est us
52%
La vitesse est limitée hors des villes à {130} km/h
50%
Quelles sont les principaux lieux touristiques ? E Les {Everglades}
48%
Comment se nomme la principale compagnie aérienne locale A A American Airlines
45%
Le principal aéroport est A Atlanta
40%
La religion majoritaire est Protestantisme
29%
Achats à faire 4/ Chewing-gum épicé à la Cannelle
21%
Achats à faire 3/ National mais pas seulement Drapeau
17%
Achats à faire 1/ Chapeau de cowboy Stetson
12%
Quels sont les climats locaux ? S, T & C {Subtropical}, {Tropical} & {Continental}
0%
Aucun quiz correspondant
Distribution des résultats
% des personnes avec chaque résultat
Percentile par nombre de réponses
Votre historique - résultats
Vous n’avez pas pris ce quiz depuis la dernière actualisation